[Event "Mecklenburg VP-ch U12"]
[Site "Malchow"]
[Date "2018.02.07"]
[Round "2.9"]
[White "Hermes, Louis"]
[Black "Boerger, Dan"]
[Result "0-1"]
[WhiteElo "1361"]
[BlackElo "1088"]
[PlyCount "70"]
[EventDate "2018.02.07"]
[EventType "swiss"]
[EventRounds "7"]
[EventCountry "GER"]
[SourceTitle "EXT 2022"]
[Source "ChessBase"]
[SourceDate "2021.10.06"]
[SourceVersion "1"]
[SourceVersionDate "2021.10.06"]
[SourceQuality "1"]

1. e4 c5 2. Nf3 a6 3. Nc3 d6 4. d4 cxd4 5. Nxd4 Nf6 6. Bg5 e5 7. Nf3 Be7 8. Bc4 h6 9. Bh4 0-0 10. h3 b5 11. Bb3 Bb7 12. 0-0 Nxe4 13. Bxe7 Qxe7 14. Nxe4 Bxe4 15. Bd5 Bxd5 16. Qxd5 Ra7 17. Rad1 Rd7 18. Rfe1 Re8 19. b3 Rc8 20. Rc1 Rc5 21. Qd2 e4 22. Nd4 Qe5 23. c4 bxc4 24. bxc4 a5 25. a4 d5 26. Qb2 dxc4 27. Qb6 Rxd4 28. Rb1 Nc6 29. Qb7 Nb4 30. Qa8+ Kh7 31. f3 e3 32. Qf8 e2 33. Qxf7 Nd3 34. Rxe2 Qxe2 35. Rb7 Qe5 0-1